Pokémon - Attacken von Hisui-Tornupto in KA/PU - Statistiken

Allgemein
  • Dieses Quiz wurde 2 mal gespielt
  • Das Durchschnittsergebnis liegt bei 14 aus 73
Antwortstatistiken
Antwort % Korrekt
Feuersturm
100%
Glut
100%
Lohekanonade
100%
Tackle
100%
Bodyslam
50%
Donnerschlag
50%
Einigler
50%
Erdbeben
50%
Feuerschlag
50%
Feuerwirbel
50%
Flammenblitz
50%
Flammenrad
50%
Flammenwurf
50%
Fluch
50%
Hitzewelle
50%
Irrlicht
50%
Jauler
50%
Rauchwolke
50%
Risikotackle
50%
Solarstrahl
50%
Sonnentag
50%
Spukball
50%
Steinhagel
50%
Sternschauer
50%
Aero-Ass
0%
Ausdauer
0%
Bezirzer
0%
Bodycheck
0%
Brüller
0%
Bürde
0%
Dampfwalze
0%
Delegator
0%
Doppelkick
0%
Dunkelklaue
0%
Durchbruch
0%
Eisenschädel
0%
Erholung
0%
Eruption
0%
Fassade
0%
Feuersäulen
0%
Feuerzahn
0%
Flammensturm
0%
Fokusstoß
0%
Frustflamme
0%
Fruststampfer
0%
Fußkick
0%
Gedankengut
0%
Gegenschlag
0%
Gigastoß
0%
Groll
0%
Gyroball
0%
Hitzekoller
0%
Hyperstrahl
0%
Inferno
0%
Knuddler
0%
Konfusstrahl
0%
Nachtnebel
0%
Neidflammen
0%
Nitroladung
0%
Notsituation
0%
Phantomparade
0%
Poltergeist
0%
Power-Punch
0%
Ruckzuckhieb
0%
Schaufler
0%
Schlafrede
0%
Schutzschild
0%
Silberblick
0%
Sondersensor
0%
Stromstoß
0%
Tera-Ausbruch
0%
Walzer
0%
Zen-Kopfstoß
0%
Keine übereinstimmenden Quizze gefunden
Verteilung der Resultate
Anzahl Personen mit jedem Resultat
Perzentil nach korrekt beantworteten Fragen
Ihre Resultats-Entwicklung
Sie haben dieses Quiz noch nicht gespielt